000 01216nam a2200301 4500
003 EC-UNACH
005 20251006104502.0
006 s||||gr|||| 00| 00
008 150116t9999 mx r gr 000 0 spa d
020 _a978-958-8675-46-6
040 _aEC-UNACH
_cEC-UNACH
041 _aspa
082 0 4 _223
_a658.11
_bL011271
110 _aEdiciones de la U
245 _aCreación de empresas : Emprendimiento e innovación
250 _aPrimera edición
264 _aBogotá - Colombia
_b Ra-Ma : Ediciones de la U
_c2011
300 _a262 páginas
_bCuadros, Tablas
505 _aCapítulo 1. El programa neoclásico -- Capítulo 2. La escuela austríaca -- Capítulo 3. La nueva economía institucional -- Capítulo 4. La nueva teoría de la estrategia -- Capítulo 5. La economía evolutiva del cambio tecnológico -- Capítulo 6. Conclusión: emprendedores e innovación -- Bibliografía.
650 _aPROCESO EMPRESARIAL
650 _aEQUILIBRIO COMPETITIVO
650 _aINVERSIÓN EN EL CONOCIMIENTO
700 _aIcard, F. Baltar, Ignasi Brunet
942 _c1
999 _c13978